| 000 | 00587nam a2200133Ia 4500 | ||
|---|---|---|---|
| 008 | 170516s9999 xx 000 0 und d | ||
| 245 | _aCongenital Extrahepatic Portosystemic Shunts: Spectrum of Findings on Ultrasound, Computed Tomography, and Magnetic Resonance Imaging, Pankaj Gupta, Anindita Sinha, Kushaljit Singh Sodhi, Anupam Lal, Uma Debi, Babu R. Thapa, and Niranjan Khandelwal | ||
| 260 | _bRadiology Research and Practice | ||
| 260 | _c2017 | ||
| 300 | _a: | ||
| 650 | _xRadiologic Technology | ||
| 650 | _xRadtech | ||
| 856 | _uhttps://www.hindawi.com/journals/rrp/contents/ | ||
| 999 |
_c332280 _d332280 |
||